=LDR 00000nam 2200000 4500 =001 INLIS000000000011782 =005 20200825015803 =035 ##$$a 0010-061300000011782 =008 200825################g##########0#ind## =041 ##$$a Ind =082 ##$$a 2x9.2 =090 ##$$a 2x9.2, Jam p =100 ##$$a Jam'ah, Ahmad Khalil =245 1#$$a Putri - Putri sahabat Rasulullah /$c Ahmad Khalil Jama'ah, penerjemah, Fadhil Bahri, Lc, editor, Zulfikar =260 ##$$a Jakarta :$b Darul Falah,$c 2003. =300 ##$$a xiv,502 hlm. ; $c 24 X 16 cm =650 #4$$a Biografi Putri - Putri Sahabat Rasulullah =850 ##$$a NBPNMAT =084 ##$$a 2x9.2 JAM p =250 ##$$a cet.1 =700 #$$a Fadhil Bahri =700 #$$a Zulfikar =504 ##$$a Judul asli :Banaatu Shahaabat =990 ##$$a 10400809 =990 ##$$a 10400810 =990 ##$$a 10400811 =990 ##$$a 10400812